000 01323nam0a2200361 4500
001 RU\NLR\BIBL_A\012280752
005 20200710163501.0
010 _a978-5-0050-8339-5
021 _aRU
_bКН-П-20-012086
_9КН-П-20-0955
035 _a(NLR Aleph) 012280752
035 _a(RuMoRGB)010288273
090 _a11217163
_c11217163
100 _a20200626d2019 u y0rusy50 ca
101 0 _arus
102 _aRU
105 _aa|||z|||000zy
181 0 _ai
_baxxe
182 0 _an
200 1 _aЛовушки бизнес-партнерства
_fСергей Картинцев
203 _aТекст
_bвизуальный
_cнепосредственный
210 _a[Б. м.]
_cИздательские решения
_d2019
215 _a165, [2] с.
_cил.
_d21
300 _aНа тит. л. и обл.: Эту книгу стоило прочесть раньше
333 _a12+
606 1 _aПредпринимательство
_xСоциально-психологические исследования
_92110122
_3RU\NLR\AUTH\661275335
686 1 _aУ9(2)-13(2Р)
686 1 _aС550.422.1
700 1 _aКартинцев
_bС.
_gСергей
942 _cBOOK
980 _aNBR
980 _aNB